Психолінгвістичні особливості використання пліток у сучасній англомовній публіцистиці (гендерний аналіз) (Запис № 284985)

МАРК-запис
000 -LEADER
fixed length control field 01856nam a22001577a 4500
041 ## - LANGUAGE CODE
Language code of text/sound track or separate title ukr
080 ## - UNIVERSAL DECIMAL CLASSIFICATION NUMBER
Universal Decimal Classification number 09
090 ## - LOCALLY ASSIGNED LC-TYPE CALL NUMBER (OCLC); LOCAL CALL NUMBER (OCLC)
Local cutter number (OCLC) ; Book number/undivided call number, CALL (RLIN) ОГЕ
100 ## - MAIN ENTRY--PERSONAL NAME
Personal name Огей М. В.
245 ## - TITLE STATEMENT
Title Психолінгвістичні особливості використання пліток у сучасній англомовній публіцистиці (гендерний аналіз)
260 ## - PUBLICATION, DISTRIBUTION, ETC. (IMPRINT)
Place of publication, distribution, etc Острог
Name of publisher, distributor, etc КАФ
Date of publication, distribution, etc 2012
300 ## - PHYSICAL DESCRIPTION
Extent 77
520 ## - SUMMARY, ETC.
Summary, etc РОЗДІЛ 1 РОЛЬ І ЗНАЧЕННЯ ЗАСОБІВ МАСОВОЇ ІНФОРМАЦІЇ У ФОРМУВАННІ СВІДОМОСТІ РЕЦИПІЄНТІВ<br/>1.1 Мас медіа як різновид масової комунікації<br/>1.2 Психолінгвістичні особливості формування гендерної нерівності засобами масової інформації<br/>РОЗДІЛ 2 РОЛЬ МАС МЕДІА У ПОШИРЕННІ ПЛІТОК ТА ЇХ ВПЛИВІ НА ЛЮДСЬКУ СВІДОМІСТЬ<br/>2.1 Підходи, моділі і концепції впливу мас медіа на реципієнта<br/>2.2 Плітки як ефективний спосіб маніпуляції свідомістю реципієнтів<br/>РОЗДІЛ 3 ПСИХОЛІНГВІСТИЧНІ МЕТОДИ ДОСЛІДЖЕННЯ ПЛІТОК У АНГЛІЙСЬКІЙ ПУБЛІЦИСТИЦІ (ГЕНДЕРНИЙ ПІДХІД)<br/>3.1 Психолінгвістична експертиза метод встановлення психолінгвістичних хмістовних ознак у ЗМІ (гендерний аналіз)<br/>3.2 Контент-аналіз метод психолінгвістичної діагностики мас медійного тексту
-- гендер, плітки
650 ## - SUBJECT ADDED ENTRY--TOPICAL TERM
Topical term or geographic name as entry element Research Papers
942 ## - ADDED ENTRY ELEMENTS (KOHA)
Koha item type Книги
Фонди
Withdrawn status Lost status Source of classification or shelving scheme Damaged status Not for loan Home library Current library Date acquired Source of acquisition Cost, normal purchase price Total Checkouts Full call number Barcode Date last seen Price effective from Koha item type
    Universal Decimal Classification     ВІЛ - Відділ іноземн. літератури НБ ВІЛ - Відділ іноземн. літератури НБ 18/09/2012 Акт №5 1.00   09 215027 10/11/2021 18/09/2012 Книги